Devinez la Capitale Mystère #60 - Statistiques

Statistiques générales
  • Ce quiz a été pris 193 fois
  • Le résultat moyen est 28 sur 37
Statistiques - réponses
Type de Réponse Réponse % Correct
Lettre de l'Alphabet A
100%
Lettre Trouvée E
99%
Lettre de l'Alphabet I
99%
Lettre Trouvée N
99%
Lettre Trouvée O
99%
Lettre Trouvée R
99%
Lettre de l'Alphabet S
99%
Lettre de l'Alphabet L
97%
Lettre Trouvée T
97%
Lettre Trouvée G
93%
Lettre de l'Alphabet P
92%
Lettre de l'Alphabet B
91%
Lettre de l'Alphabet U
89%
Lettre de l'Alphabet D
88%
Lettre de l'Alphabet M
88%
Lettre Bien Placée E
86%
Lettre de l'Alphabet H
86%
Lettre Trouvée W
85%
Lettre de l'Alphabet K
83%
Lettre Bien Placée N
83%
Lettre de l'Alphabet C
82%
Lettre de l'Alphabet V
73%
Lettre Bien Placée E
70%
Lettre Bien Placée R
67%
Lettre de l'Alphabet Y
65%
Lettre de l'Alphabet X
59%
Lettre de l'Alphabet J
58%
Lettre de l'Alphabet Z
52%
Lettre Bien Placée O
49%
Lettre de l'Alphabet F
47%
Lettre Bien Placée O
45%
Lettre Bien Placée T
44%
Lettre de l'Alphabet Q
43%
Lettre Bien Placée G
40%
Lettre Bien Placée G
39%
Capitale Mystère Georgetown
37%
Lettre Bien Placée W
37%
Aucun quiz correspondant
Distribution des résultats
% des personnes avec chaque résultat
Percentile par nombre de réponses
Votre historique - résultats
Vous n’avez pas pris ce quiz